000 00453nam a2200169Ia 4500
008 131103s9999 xx 000 0 und d
040 _aLoreto College
041 _aEnglish
082 _a891.433/SRI
_bLCLIB/SRI
100 _aSrivastava,Shivnarayan
245 _aHindi Upanyash
_cShivnarayan Shivastava
260 _aBanaras
_bSaraswati Mandir
_c[19 - ?]
300 _a388 p.
_c 17 cm.
650 _aHindi Fiction
850 _aLCLIB
942 _cBK
999 _c19026
_d69505